Le jargon du cyclisme 2 - Statistiques

Statistiques générales
  • Ce quiz a été pris 203 fois
  • Le résultat moyen est 11 sur 20
Statistiques - réponses
Hint Réponse % Correct
Gruppetto Peloton des plus faibles organisé pour gagner l'arrivée
88%
Poisson pilote Equipier qui emmène un sprinteur
83%
Descendre comme un fer à repasser Mal descendre les cols
82%
Prendre le bon wagon Intégrer la bonne échappée
80%
Client Très bon coureur
79%
Avaler les bosses Grimper facilement
76%
Etre cramé Etre épuisé
74%
Enrhumer Doubler rapidement un concurrent
68%
Emballage Sprint groupé
68%
Faire du bec de selle Se tenir en avant sur la selle
65%
Mettre la plaque Pédaler sur le grand plateau
45%
Prendre un coup de buis Etre victime d'une défaillance soudaine
39%
Coup de chacal Attaquer dans le dernier km et gagner
38%
Rester en carafe Rester en arrière
35%
Couper Ne plus rouler plusieurs jours
32%
Se faire sauter la caisse Ne plus réussir à garder le même rythme
31%
Faire parler la classe Dominer ses adversaires seul
29%
Mettre la flèche Abandonner
26%
Se mettre dans le coup Passer une alliance de circonstance
24%
Finir la nuit Terminer seul
24%
Aucun quiz correspondant
Distribution des résultats
% des personnes avec chaque résultat
Percentile par nombre de réponses
Votre historique - résultats
Vous n’avez pas pris ce quiz